000 00757nam a2200193 i 4500
001 38986
003 ES-MaACL
005 20230906155850.0
007 t|
008 030226s1889 sp ||||1| spa d
080 _a017.1(460.27 M.)
110 2 _aEspaña.
_bCortes Generales.
_bCongreso.
_bBiblioteca.
_9154819
245 1 0 _aCatálogo de la biblioteca del Congreso de Diputados /
_cformado de orden de la Comisión de Gobierno Interior por el Oficial de la Secretaría Manuel Calvo Marcos.
260 _aMadrid :
_b[s,n.],
_c1889 (
_fHijos de J. A. García)
300 _a535 p. ;
_c27 cm.
610 2 4 _aEspaña.
_bCortes Generales.
_bCongreso.
_bBiblioteca-
_vCatálogos.
_9154820
700 0 _aCalvo Marcos, Manuel.
_933893
852 _aES-MaACL
_jB-3863
999 _c38986
_d38986